Tecnología del vuelo (Record no. 128985)

MARC details
000 -LEADER
campo de control de longitud fija 00713nam a2200205 i 4500
001 - NÚMERO DE CONTROL
campo de control 128985
003 - IDENTIFICADOR DE NÚMERO DE CONTROL
campo de control ES-MaACL
007 - CAMPO FIJO DE DESCRIPCIÓN FÍSICA--INFORMACIÓN GENERAL
campo de control de longitud fija t|
008 - DATOS DE LONGITUD FIJA--INFORMACIÓN GENERAL
campo de control de longitud fija 070601s1982 sp ||||1| spa d
080 ## - NÚMERO DE LA CLASIFICACIÓN DECIMAL UNIVERSAL
Número de la Clasificación Decimal Universal 629.7.058
100 1# - ENTRADA PRINCIPAL--NOMBRE DE PERSONA
Nombre de persona Taylor, Sydney Ernest Thomas.
9 (RLIN) 109470
245 10 - MENCIÓN DEL TÍTULO
Título Tecnología del vuelo
Resto del título : radio-ayudas para la navegación aérea /
Mención de responsabilidad, etc. S.E.T. Taylor y H.A. Parmar ; [traducido por Daniel Santano y León].
260 ## - PUBLICACIÓN, DISTRIBUCIÓN, ETC.
Lugar de publicación, distribución, etc. Madrid :
Nombre del editor, distribuidor, etc. Paraninfo,
Fecha de publicación, distribución, etc. 1982.
300 ## - DESCRIPCIÓN FÍSICA
Extensión 243 p. :
Otras características físicas il. ;
Dimensiones 22 cm.
650 17 - PUNTO DE ACCESO ADICIONAL DE MATERIA--TÉRMINO DE MATERIA
Término de materia o nombre geográfico como elemento de entrada Radionavegación
Fuente del encabezamiento o término embne
9 (RLIN) 16671
700 1# - ENTRADA AGREGADA--NOMBRE PERSONAL
Nombre de persona Parmar, Hasmumukhlal Amritlal.
9 (RLIN) 89195
700 1# - ENTRADA AGREGADA--NOMBRE PERSONAL
Nombre de persona Santano y León, Daniel.
9 (RLIN) 181683
852 ## - LOCALIZACIÓN
Ubicación ES-MaACL
Número de control de estantería L-3419
Sublocalización o colección R.104008
Holdings
Estatus retirado Estado de pérdida Estado de daño No para préstamo Biblioteca de origen Biblioteca actual Ubicación en estantería Fecha de adquisición Fuente de adquisición Total de préstamos Signatura topográfica completa Código de barras Visto por última vez Precio de reemplazo Tipo de ítem Koha
        Biblioteca del Ateneo de Madrid Biblioteca del Ateneo de Madrid Depósito 2 17/01/2008     L-3419 1134326 23/02/2023 23/02/2023 Libro impreso